| 000 | 00000nam 2200000zi 4500 |
| 001 | 9.936220 |
| 003 | CaOODSP |
| 005 | 20240402153319 |
| 006 | m o d f |
| 007 | cr |n||||||||| |
| 008 | 240402t19861986onc ob f000 0 eng d |
| 020 | |z0662544277 |
| 040 | |aCaOODSP|beng|erda|cCaOODSP |
| 043 | |an-cn--- |
| 086 | 1 |aJ2-63/1986E-PDF|zJ2-63/1986 |
| 100 | 1 |aCooper, George, |cQ.C.|eauthor. |
| 245 | 00|aOpinion of George Cooper Q.C. regarding Canadian government funding of the Allan Memorial Institute in the 1950's and 1960's. |
| 264 | 1|aOttawa'Ontario : |bDepartment of Justice, |cMay 1986. |
| 264 | 4|c©1986 |
| 300 | |a1 online resource (1 volume in various pagings) |
| 336 | |atext|btxt|2rdacontent |
| 337 | |acomputer|bc|2rdamedia |
| 338 | |aonline resource|bcr|2rdacarrier |
| 500 | |aDigitized edition from print [by Department of Justice Canada]. |
| 500 | |aPublished also in French under title: Opinion de M. George Cooper, c.r. au suject du financement par le gouvernement canadien de l'institut Allan Memorial au cours des années 1950 et 1960. |
| 504 | |aIncludes bibliographical references. |
| 610 | 20|aAllan Memorial Institute. |
| 650 | 0|aMedicine|xResearch|xLaw and legislation|zCanada. |
| 650 | 0|aGovernment liability|zCanada. |
| 650 | 6|aÉtat|xResponsabilité|zCanada. |
| 651 | 0|aCanada. |
| 710 | 1 |aCanada. |bDepartment of Justice, |eissuing body. |
| 856 | 40|qPDF|s36.32 MB|uhttps://publications.gc.ca/collections/collection_2024/jus/J2-63-1986-eng.pdf |